Complete the Card - WWE Unforgiven 2005 - Statistics

General Stats
  • This quiz has been taken 8 times
  • The average score is 14 of 20
Answer Stats
Answer % Correct
Edge
100%
John Cena
100%
Kurt Angle
100%
Matt Hardy
100%
Ric Flair
100%
The Big Show
100%
Carlito
80%
Shawn Michaels
80%
Chris Masters
60%
Kerwin White
60%
Lance Cade
60%
Shelton Benjamin
60%
Trevor Murdoch
60%
Trish Stratus
60%
Victoria
60%
Ashley
40%
Rosey
40%
Snitsky
40%
The Hurricane
40%
Torrie Wilson
40%
No matching quizzes found
Score Distribution
Percent of People with Each Score
Percentile by Number Answered
Your Score History
You have not taken this quiz